000 00544nam a22001937a 4500
003 OSt
005 20180116183058.0
008 http://10.6.22.24:9001/cgi-bin/koha/cata
020 _a9781942471691
040 _c0
082 _a332 CFA 2017
100 _aCFA Institute
110 _aCFA Institute
245 _aFinancial Reporting and Analysis
_bCFA Program Curriculum 2017 Level-I Volume-3
_cCFA Institute
260 _aUSA
_bWiley
_c2017
300 _a749+30 approx
_bPB
440 _aFinancial Reporting and Analysis
942 _2ddc
_cBK
999 _c351932
_d351932